Trade and economic structure : (Record no. 43755)
[ view plain ]
| 000 -LEADER | |
|---|---|
| fixed length control field | 01053nam a2200301I 4500 |
| 001 - CONTROL NUMBER | |
| control field | 43755 |
| 003 - CONTROL NUMBER IDENTIFIER | |
| rucl marc code | BD-RJUL |
| 005 - DATE AND TIME OF LATEST TRANSACTION | |
| control field | 20211209053741.0 |
| 008 - FIXED-LENGTH DATA ELEMENTS--GENERAL INFORMATION | |
| fixed length control field | 160627s1960 maua b 000 0 eng |
| 035 ## - SYSTEM CONTROL NUMBER | |
| System control number | MITb10174602 |
| System control number | (OCoLC)00239634 |
| System control number | GLIS00174602 |
| -- | BD-RJUL 43873 |
| 040 ## - CATALOGING SOURCE | |
| Original cataloging agency | DLC |
| Transcribing agency | WSU |
| Modifying agency | SER |
| -- | m.c. |
| -- | MYG |
| Language of cataloging | eng |
| 041 ## - LANGUAGE CODE | |
| Language code of text/sound track or separate title | eng |
| 082 ## - DEWEY DECIMAL CLASSIFICATION NUMBER | |
| Edition number | 23 |
| Classification number | 382.01 |
| Author mark and year | CAT 1960 |
| 090 ## - LOCALLY ASSIGNED LC-TYPE CALL NUMBER (OCLC); LOCAL CALL NUMBER (OCLC) | |
| Classification number (OCLC) (R) ; Classification number, CALL (RLIN) (NR) | HF1007 |
| Local cutter number (OCLC) ; Book number/undivided call number, CALL (RLIN) | .C381 |
| 099 ## - LOCAL FREE-TEXT CALL NUMBER (OCLC) | |
| Bangla Class number | HF1007.C381 |
| 100 1# - MAIN ENTRY--PERSONAL NAME | |
| Personal name | Caves, Richard E. |
| 9 (RLIN) | 134489 |
| 245 10 - TITLE STATEMENT | |
| Title | Trade and economic structure : |
| Remainder of title | models and methods / |
| Statement of responsibility, etc. | Richard E Caves |
| 260 ## - PUBLICATION, DISTRIBUTION, ETC. (IMPRINT) | |
| Place of publication, distribution, etc. | Cambridge, Mass. ; |
| -- | Delhi : |
| Name of publisher, distributor, etc. | Harvard University Press, |
| -- | Motilal Banarsidass, |
| Date of publication, distribution, etc. | 1960 [Reprint 1966] |
| 300 ## - PHYSICAL DESCRIPTION | |
| Pagination | 317 p. : |
| Illustrations | ill. ; |
| Size | 22 cm. |
| 490 1# - SERIES STATEMENT | |
| Series statement | Harvard economic studies ; |
| Volume/sequential designation | v. 115 |
| 500 ## - GENERAL NOTE | |
| General note | "Condensed and revised version of a doctoral dissertation ... Harvard University ... 1957." |
| 504 ## - BIBLIOGRAPHY, ETC. NOTE | |
| Bibliography, etc | Bibliography: p. [283]-303. |
| 650 #0 - SUBJECT ADDED ENTRY--TOPICAL TERM | |
| Topical term or geographic name as entry element | Commerce. |
| 9 (RLIN) | 134490 |
| 830 #0 - SERIES ADDED ENTRY--UNIFORM TITLE | |
| Uniform title | Harvard economic studies ; |
| Volume number/sequential designation | v. 115. |
| 942 ## - ADDED ENTRY ELEMENTS (KOHA) | |
| Source of classification or shelving scheme | Dewey Decimal Classification |
| Koha item type | Books |
| Lost status | Source of classification or shelving scheme | Damaged status | Not for loan | Collection code | Permanent Location | Current Location | Shelving location | Date acquired | Source of acquisition | Cost, normal purchase price | Total Checkouts | Full call number | Date last seen | Copy number | Koha item type |
|---|---|---|---|---|---|---|---|---|---|---|---|---|---|---|---|
| Dewey Decimal Classification | Non-fiction | Central Library, University of Rajshahi | Central Library, University of Rajshahi | 19/05/1977 | W. Heffer and Sons | 47.00 | 382.01 CAT 1960 | 27/06/2016 | C-2 | Books | |||||
| Dewey Decimal Classification | Non-fiction | Central Library, University of Rajshahi | Central Library, University of Rajshahi | 20/12/1986 | 382.01 CAT 1966 | 24/08/2016 | C-3 | Books | |||||||
| Dewey Decimal Classification | Non-fiction | Central Library, University of Rajshahi | Central Library, University of Rajshahi | 14/11/1968 | Zeitlinger | 57.00 | 382.01 CAT 1967 | 24/08/2016 | C-4 | Books | |||||
| Dewey Decimal Classification | Non-fiction | Central Library, University of Rajshahi | Central Library, University of Rajshahi | 19/05/1977 | W. Heffer and sons | 7.75 | 382.01 CAT 1967 | 24/08/2016 | C-5 | Books | |||||
| Dewey Decimal Classification | Non-fiction | Central Library, University of Rajshahi | Central Library, University of Rajshahi | 19/05/1977 | W. Heffer and sons | 7.75 | 382.01 CAT 1967 | 24/08/2016 | C-6 | Books | |||||
| Dewey Decimal Classification | Non-fiction | Central Library, University of Rajshahi | Central Library, University of Rajshahi | 14/11/1968 | Zeitlinger | 57.00 | 382.01 CAT 1963 | 24/08/2016 | C-7 | Books | |||||
| Dewey Decimal Classification | Non-fiction | Central Library, University of Rajshahi | Central Library, University of Rajshahi | 14/11/1968 | Zeitlinger | 57.00 | 382.01 CAT 1963 | 24/08/2016 | C-8 | Books | |||||
| Dewey Decimal Classification | Non-fiction | Central Library, University of Rajshahi | Central Library, University of Rajshahi | 14/11/1968 | Zeitlinger | 57.00 | 382.01 CAT 1967 | 24/08/2016 | C-9 | Books | |||||
| Dewey Decimal Classification | Non-fiction | Central Library, University of Rajshahi | Central Library, University of Rajshahi | 14/11/1968 | Zeitlinger | 57.00 | 382.01 CAT 1967 | 24/08/2016 | C-10 | Books | |||||
| Dewey Decimal Classification | Not For Loan | Non-fiction | Central Library, University of Rajshahi | Central Library, University of Rajshahi | Reading Room | 14/11/1968 | Zeitlinger | 57.00 | 382.01 CAT 1967 | 24/08/2016 | C-1 | Books |